000 00544nam a2200193Ia 4500
005 20250508164838.0
008 008 250505s9999 xx 000 0 hin d
037 _aDissertations
040 _aFEDL
_beng
_cFEDL
041 _ahin
_2eng
084 _a376, HEM/DI
_qFEDL
100 _aHemlata
245 0 _aSheshik dastavegeo me mahila shiksha vimarsh: Nitigat vishleshan
260 _c2009
300 _a82p.
546 _aM.Ed. Dissertation (Delhi University)
942 _cDIS
_h376, HEM/DI
999 _c1391542
_d1391542